[Event "9th Bangabandhu Blitz Men 2021"]
[Site "Dhaka"]
[Date "2021.04.03"]
[Round "3.7"]
[White "Masum, Hossain"]
[Black "Mollah Abdullah, Al Rakib"]
[Result "0-1"]
[WhiteElo "2061"]
[BlackElo "2464"]
[Annotator "TA"]
[PlyCount "94"]
[EventDate "2021.04.02"]
[EventType "swiss"]
[EventCountry "BAN"]
[SourceTitle "playchess.com"]
[Source "ChessBase"]
[SourceQuality "1"]

{[%evp 9,94,22,16,12,5,12,38,22,56,56,79,88,88,82,101,76,101,75,107,104,114,87,83,65,106,113,141,111,123,110,83,89,109,97,120,107,137,80,83,77,124,0,0,-42,-69,-82,-95,-95,-53,-35,0,0,0,-531,-428,-1000,-991,-1272,-1254,-1162,-326,-559,-265,-263,-2,-181,0,0,12,-430,-420,-487,-485,-460,-469,-412,-328,-816,-800,-5018,-4918,-29992,-29993,-29998,-29997,-29997,-29996]} 1. d4 g6 2. c4 Bg7 3. Nc3 e6 4. e4 Ne7 5. f4 d5 {next ...dxe4 is good for Black.} 6. cxd5 {A40: Unusual replies to 1 d4.} exd5 7. e5 {[#]} Nbc6 $146 ({Predecessor:} 7... O-O 8. Nf3 f6 9. h4 Bg4 10. Be2 c5 11. dxc5 Qa5 12. Be3 Nbc6 13. Nd4 Bxe2 14. Qxe2 fxe5 15. Nxc6 Nxc6 16. fxe5 Bxe5 {0-1 (49) Iljin,T (2278)-Afanasiev,N (2519) Chess.com INT 2020}) 8. Be3 {White is slightly better.} Nf5 9. Bf2 h5 10. Nf3 O-O 11. Bd3 Nce7 12. b4 c6 13. O-O Nh6 14. h3 Bf5 15. a4 {[%cal Ba2a4,Ba4a5,Ba5b6][%mdl 32]} Qd7 16. Kh2 Nc8 17. a5 Rb8 18. b5 Ne7 19. b6 axb6 20. axb6 Ra8 {...Rxa1 is the strong threat.} 21. Na4 Qd8 22. Bxf5 Nhxf5 {[#]} 23. Qb3 (23. Nc5 $142 $1) 23... Ra6 24. Rab1 Nc8 25. Rfc1 (25. g4 $16 hxg4 26. hxg4) 25... Bh6 $11 26. g3 h4 $1 27. Kg2 {With the idea g4.} hxg3 28. Bxg3 Nxg3 29. Kxg3 Ne7 30. Nc5 {[%mdl 64] Double Attack} Nf5+ 31. Kg4 $2 {[%mdl 8192]} (31. Kf2 $11 {and White is okay.} Bxf4 32. Nxa6 Bxc1 33. Rxc1 Nxd4 {[%mdl 64] Deflection, Decoy} 34. Nxd4 Qh4+ {[%mdl 64] Double Attack} 35. Ke2 Qxd4 36. Nc5) 31... Ra8 32. h4 (32. Re1 $142) 32... Qc8 $19 33. e6 fxe6 34. Ne5 Kh7 $2 (34... Nxd4 35. Qb2 Rxf4+ 36. Kh3 Qd8 37. Nxg6 Rf3+ {[%mdl 64] Discovered Attack} 38. Kg2 Qf6 39. Ne7+ Kf7 40. Rf1 Kxe7 41. Nxe6 Rg8+ 42. Ng5 Bxg5 43. Qb4+ Kd7 44. Qxd4 Be3+ {[%mdl 64] Discovered Attack} 45. Kh2 Bf4+ 46. Qxf4 Qxf4+ 47. Kh1 Qxh4#) 35. Qd3 $2 (35. Rf1) 35... Ne7 (35... Ra2 $142 36. Ncd7 Qd8) 36. Rf1 Rf5 ({Black should try} 36... Ra2 $19 {And now ...Nf5 would win.} 37. Ncd7 Nf5) 37. Rb2 $2 (37. Rbe1 $1 $11 {and White has nothing to worry.}) 37... Ng8 $2 (37... Bg7 $19 {Strongly threatening ...Bxe5.} 38. Rbf2 Bf6) 38. Rg2 $11 Nf6+ {[%cal Bg8f6,Bf6h5,Bh5f4][%mdl 32]} 39. Kg3 $2 {[%mdl 8192] [#]} (39. Kh3 $11 {and White stays safe.}) 39... Bxf4+ $1 $19 {[%mdl 576] Decoy} 40. Rxf4 (40. Kh3 Bxe5) 40... Nh5+ {[%mdl 64] Double Attack} 41. Kh2 Nxf4 42. Qg3 Rxe5 43. dxe5 (43. Qxf4 Rf5 44. Qc7+ Qxc7+ 45. bxc7) 43... Nxg2 44. Kxg2 Ra2+ 45. Kh3 Qf8 {Black mates.} 46. Nxe6 Qf5+ 47. Qg4 Ra3+ {Weighted Error Value: White=1.13/Black=0.56} 0-1

[Event "9th Bangabandhu Blitz Men 2021"]
[Site "Dhaka"]
[Date "2021.04.03"]
[Round "3.8"]
[White "Hasan, Sk. Rashedul"]
[Black "Mohammad Minhaz Uddin"]
[Result "0-1"]
[WhiteElo "1918"]
[BlackElo "2281"]
[Annotator "ChessBase"]
[PlyCount "92"]
[EventDate "2021.04.02"]
[EventType "swiss"]
[EventCountry "BAN"]
[SourceTitle "playchess.com"]
[Source "ChessBase"]
[SourceQuality "1"]
[TimeControl "1500+10"]

1. e4 {[%emt 0:22:07]} e5 {[%emt 0:22:06]} 2. Nf3 {[%emt 0:00:10]} Nf6 {[%emt 0:00:09]} 3. Nxe5 {[%emt 0:00:15]} d6 {[%emt 0:00:09]} 4. Nf3 {[%emt 0:00:09]} Nxe4 {[%emt 0:00:09]} 5. Nc3 {[%emt 0:00:09]} Nxc3 {[%emt 0:00:10]} 6. dxc3 {[%emt 0:00:09]} Be7 {[%emt 0:00:10]} 7. Be3 {[%emt 0:00:10]} Nc6 {[%emt 0:00:09]} 8. Qd2 {[%emt 0:00:09]} Be6 {[%emt 0:00:09]} 9. Bd3 {[%emt 0:00:41]} Qd7 {[%emt 0:00:09]} 10. h3 {[%emt 0:00:11]} Ne5 {[%emt 0:00:17]} 11. Nxe5 {[%emt 0:00:32]} dxe5 {[%emt 0:00:10]} 12. Qe2 {[%emt 0:00:26]} O-O {[%emt 0:00:28]} 13. O-O-O {[%emt 0:00:11]} Qa4 {[%emt 0:00:12]} 14. a3 {[%emt 0:00:17]} a6 {[%emt 0:00:37]} 15. Qh5 {[%emt 0:00:12]} f5 {[%emt 0:00:11]} 16. g4 {[%emt 0:00:20]} e4 {[%emt 0:01:05]} 17. Be2 {[%emt 0:00:29]} f4 {[%emt 0:01:04]} 18. Bc5 {[%emt 0:00:20]} Bxc5 {[%emt 0:00:19]} 19. Qxc5 {[%emt 0:00:09]} f3 {[%emt 0:00:13]} 20. Rd4 {[%emt 0:00:19]} Qe8 {[%emt 0:00:13]} 21. Bc4 {[%emt 0:00:10]} Bf7 {[%emt 0:00:15]} 22. Qxc7 {[%emt 0:00:16]} e3 {[%emt 0:00:09]} 23. fxe3 {[%emt 0:00:15]} Rc8 {[%emt 0:00:10]} 24. Bxf7+ {[%emt 0:00:15]} Rxf7 {[%emt 0:00:08]} 25. Qb6 {[%emt 0:00:15]} Qxe3+ {[%emt 0:00:09]} 26. Kb1 {[%emt 0:00:09]} Re8 {[%emt 0:00:09]} 27. Qb3 {[%emt 0:00:13]} f2 {[%emt 0:00:10]} 28. Rdd1 {[%emt 0:00:11]} Ref8 {[%emt 0:00:17]} 29. Rhf1 {[%emt 0:00:10]} Kh8 {[%emt 0:00:09]} 30. Ka2 {[%emt 0:00:12]} h6 {[%emt 0:00:09]} 31. h4 {[%emt 0:00:18]} Qg3 {[%emt 0:00:10]} 32. g5 {[%emt 0:00:13]} h5 {[%emt 0:00:09]} 33. g6 {[%emt 0:00:09]} Re7 {[%emt 0:00:10]} 34. Rd3 {[%emt 0:00:14]} Qxg6 {[%emt 0:00:10]} 35. Rd2 {[%emt 0:00:11]} Ref7 {[%emt 0:00:09]} 36. Qd5 {[%emt 0:00:14]} Rf5 {[%emt 0:00:12]} 37. Qd4 {[%emt 0:00:10]} Qg2 {[%emt 0:00:10]} 38. Rdd1 {[%emt 0:00:09]} R8f7 {[%emt 0:00:11]} 39. Qd8+ {[%emt 0:00:09]} Kh7 {[%emt 0:00:08]} 40. Qd3 {[%emt 0:00:09]} g6 {[%emt 0:00:12]} 41. Qc4 {[%emt 0:00:11]} b5 {[%emt 0:00:11]} 42. Qc6 {[%emt 0:00:09]} Qxc6 {[%emt 0:00:09]} 43. Rd2 {[%emt 0:00:09]} Qc4+ {[%emt 0:00:09]} 44. Kb1 {[%emt 0:00:09]} Qxf1+ {[%emt 0:00:09]} 45. Ka2 {[%emt 0:00:08]} Qc4+ {[%emt 0:00:09]} 46. b3 {[%emt 0:00:09]} Qxc3 {[%emt 0:00:09]} 0-1

[Event "9th Bangabandhu Blitz Men 2021"]
[Site "Dhaka"]
[Date "2021.04.03"]
[Round "4.1"]
[White "Reefat, Bin-Sattar"]
[Black "Mohammad Fahad, Rahman"]
[Result "1-0"]
[WhiteElo "2401"]
[BlackElo "2321"]
[Annotator "ChessBase"]
[PlyCount "97"]
[EventDate "2021.04.02"]
[EventType "swiss"]
[EventCountry "BAN"]
[SourceTitle "playchess.com"]
[Source "ChessBase"]
[SourceQuality "1"]
[TimeControl "1500+10"]

1. e4 {[%emt 0:22:08]} c5 {[%emt 0:22:11]} 2. b3 {[%emt 0:00:10]} Nf6 {[%emt 0:00:10]} 3. e5 {[%emt 0:00:09]} Nd5 {[%emt 0:00:09]} 4. Bb2 {[%emt 0:00:09]} g6 {[%emt 0:00:16]} 5. g3 {[%emt 0:01:33]} Bg7 {[%emt 0:00:11]} 6. Bg2 {[%emt 0:00:09]} Nc7 {[%emt 0:00:14]} 7. f4 {[%emt 0:00:12]} O-O {[%emt 0:00:11]} 8. Nf3 {[%emt 0:00:11]} Nc6 {[%emt 0:00:16]} 9. O-O {[%emt 0:00:17]} d6 {[%emt 0:00:20]} 10. d3 {[%emt 0:00:48]} Bg4 {[%emt 0:00:39]} 11. Qe1 {[%emt 0:00:09]} dxe5 {[%emt 0:00:39]} 12. Nxe5 {[%emt 0:00:16]} Nxe5 {[%emt 0:00:11]} 13. fxe5 {[%emt 0:00:12]} Rb8 {[%emt 0:00:18]} 14. Nd2 {[%emt 0:00:11]} Qd7 {[%emt 0:00:20]} 15. Ne4 {[%emt 0:00:21]} b6 {[%emt 0:00:09]} 16. Rf4 {[%emt 0:00:18]} Nd5 {[%emt 0:00:12]} 17. Rf2 {[%emt 0:00:17]} Bh6 {[%emt 0:00:09]} 18. Bc1 {[%emt 0:00:18]} Bg7 {[%emt 0:00:11]} 19. Bb2 {[%emt 0:00:10]} Rbd8 {[%emt 0:00:13]} 20. a3 {[%emt 0:00:22]} Rc8 {[%emt 0:00:24]} 21. Qd2 {[%emt 0:00:10]} b5 {[%emt 0:00:16]} 22. Re1 {[%emt 0:00:01]} Nb6 {[%emt 0:00:17]} 23. Qf4 {[%emt 0:00:12]} Be6 {[%emt 0:00:10]} 24. Ng5 {[%emt 0:00:10]} Bh6 {[%emt 0:00:13]} 25. Qh4 {[%emt 0:00:10]} Bxg5 {[%emt 0:00:09]} 26. Qxg5 {[%emt 0:00:17]} c4 {[%emt 0:00:10]} 27. dxc4 {[%emt 0:00:03]} bxc4 {[%emt 0:00:09]} 28. b4 {[%emt 0:00:11]} c3 {[%emt 0:00:12]} 29. Bc1 {[%emt 0:00:08]} Nc4 {[%emt 0:00:08]} 30. Rf4 {[%emt 0:00:14]} Rfd8 {[%emt 0:00:12]} 31. Rh4 {[%emt 0:00:11]} h5 {[%emt 0:00:12]} 32. Rxh5 {[%emt 0:00:10]} Qd4+ {[%emt 0:00:11]} 33. Kh1 {[%emt 0:00:10]} Qg4 {[%emt 0:00:09]} 34. Qxg4 Bxg4 {[%emt 0:00:09]} 35. Rh4 {[%emt 0:00:18]} Bf5 {[%emt 0:00:08]} 36. Bg5 {[%emt 0:00:10]} Rd7 {[%emt 0:00:17]} 37. Kg1 {[%emt 0:00:10]} Nxa3 {[%emt 0:00:09]} 38. g4 {[%emt 0:00:11]} Be6 {[%emt 0:00:12]} 39. Be4 {[%emt 0:00:09]} Nc4 {[%emt 0:00:09]} 40. Bd3 {[%emt 0:00:09]} Nd2 {[%emt 0:00:12]} 41. Re3 {[%emt 0:00:09]} Bd5 {[%emt 0:00:23]} 42. Kf2 {[%emt 0:00:10]} f6 {[%emt 0:00:12]} 43. exf6 exf6 {[%emt 0:00:09]} 44. Bxf6 {[%emt 0:00:18]} Rh7 {[%emt 0:00:14]} 45. Rxh7 Kxh7 46. g5 {[%emt 0:00:18]} Rc6 {[%emt 0:00:24]} 47. Re7+ {[%emt 0:00:11]} Kg8 {[%emt 0:00:09]} 48. Bxg6 {[%emt 0:00:10]} Rc8 {[%emt 0:00:12]} 49. Rh7 {[%emt 0:00:10]} 1-0

[Event "9th Bangabandhu Blitz Men 2021"]
[Site "Dhaka"]
[Date "2021.04.03"]
[Round "4.2"]
[White "Zia, Tahsin Tajwar"]
[Black "Hossain, Enamul"]
[Result "0-1"]
[WhiteElo "2170"]
[BlackElo "2404"]
[Annotator "ChessBase"]
[PlyCount "95"]
[EventDate "2021.04.02"]
[EventType "swiss"]
[EventCountry "BAN"]
[SourceTitle "playchess.com"]
[Source "ChessBase"]
[SourceQuality "1"]
[TimeControl "1500+10"]

1. Nf3 {[%emt 0:22:16]} d5 {[%emt 0:22:10]} 2. d4 {[%emt 0:00:15]} Nf6 {[%emt 0:00:11]} 3. g3 {[%emt 0:00:09]} g6 {[%emt 0:00:11]} 4. Bg2 {[%emt 0:00:09]} Bg7 {[%emt 0:00:09]} 5. O-O {[%emt 0:03:01]} c6 6. c4 {[%emt 0:00:00]} dxc4 {[%emt 0:00:18]} 7. a4 {[%emt 0:00:00]} Ne4 {[%emt 0:00:10]} 8. Qc2 {[%emt 0:00:00]} Nd6 {[%emt 0:00:11]} 9. Nbd2 {[%emt 0:00:00]} Na6 {[%emt 0:00:17]} 10. Nxc4 {[%emt 0:00:00]} Nb4 {[%emt 0:00:12]} 11. Qb3 {[%emt 0:00:00]} a5 {[%emt 0:00:12]} 12. Nxd6+ {[%emt 0:00:00]} Qxd6 {[%emt 0:00:20]} 13. Bf4 {[%emt 0:00:00]} Qd5 {[%emt 0:00:17]} 14. Qc3 {[%emt 0:00:06]} O-O {[%emt 0:00:22]} 15. Rfd1 {[%emt 0:00:28]} Bf5 {[%emt 0:00:26]} 16. Ne5 {[%emt 0:00:16]} Qd8 {[%emt 0:00:11]} 17. e4 {[%emt 0:00:11]} Be6 {[%emt 0:00:15]} 18. h4 {[%emt 0:00:14]} f6 {[%emt 0:00:41]} 19. Nf3 {[%emt 0:00:12]} Bg4 {[%emt 0:00:17]} 20. Rd2 {[%emt 0:00:18]} Kh8 {[%emt 0:00:11]} 21. Nh2 {[%emt 0:00:14]} Bd7 {[%emt 0:00:12]} 22. Rad1 {[%emt 0:00:10]} f5 {[%emt 0:00:12]} 23. e5 {[%emt 0:00:14]} Be6 {[%emt 0:00:10]} 24. h5 {[%emt 0:00:18]} Bd5 {[%emt 0:00:13]} 25. h6 {[%emt 0:00:19]} Bf6 {[%emt 0:00:17]} 26. exf6 {[%emt 0:00:10]} exf6 {[%emt 0:00:09]} 27. Qc5 {[%emt 0:00:16]} g5 {[%emt 0:00:12]} 28. Be3 {[%emt 0:00:12]} Re8 {[%emt 0:00:13]} 29. Nf3 {[%emt 0:00:11]} Rg8 {[%emt 0:00:21]} 30. Ne1 {[%emt 0:00:10]} f4 {[%emt 0:00:10]} 31. gxf4 {[%emt 0:00:13]} gxf4 {[%emt 0:00:09]} 32. Bxf4 {[%emt 0:00:09]} Qd7 {[%emt 0:00:12]} 33. Qd6 {[%emt 0:00:14]} Qf5 {[%emt 0:00:11]} 34. Bg3 {[%emt 0:00:10]} Rg6 {[%emt 0:00:12]} 35. Qf4 {[%emt 0:00:11]} Qh5 {[%emt 0:00:11]} 36. Bf3 {[%emt 0:00:10]} Qxh6 {[%emt 0:00:14]} 37. Qxh6 {[%emt 0:00:09]} Rxh6 {[%emt 0:00:08]} 38. Bxd5 {[%emt 0:00:09]} Nxd5 {[%emt 0:00:09]} 39. Nd3 {[%emt 0:00:10]} Rg8 {[%emt 0:00:10]} 40. Nc5 {[%emt 0:00:11]} f5 {[%emt 0:00:09]} 41. Kf1 {[%emt 0:00:12]} f4 {[%emt 0:00:09]} 42. Rd3 {[%emt 0:00:10]} fxg3 43. Rxg3 {[%emt 0:00:09]} Rxg3 {[%emt 0:00:24]} 44. fxg3 {[%emt 0:00:09]} Ne3+ 45. Ke2 {[%emt 0:00:10]} Nxd1 46. Kxd1 {[%emt 0:00:09]} Rg6 {[%emt 0:00:27]} 47. Nxb7 {[%emt 0:00:09]} Rxg3 {[%emt 0:00:09]} 48. Nxa5 {[%emt 0:00:09]} 0-1

[Event "9th Bangabandhu Blitz Men 2021"]
[Site "Dhaka"]
[Date "2021.04.03"]
[Round "4.3"]
[White "Asaduzzaman, Ahad"]
[Black "Rahman, Ziaur"]
[Result "0-1"]
[WhiteElo "1742"]
[BlackElo "2432"]
[Annotator "ChessBase"]
[PlyCount "69"]
[EventDate "2021.04.02"]
[EventType "swiss"]
[EventCountry "BAN"]
[SourceTitle "playchess.com"]
[Source "ChessBase"]
[SourceQuality "1"]
[TimeControl "1500+10"]

1. Nc3 {[%emt 0:22:07]} c5 {[%emt 0:25:10]} 2. e4 {[%emt 0:00:12]} Nc6 {[%emt 0:00:10]} 3. Nf3 {[%emt 0:00:13]} d6 {[%emt 0:00:00]} 4. Bc4 {[%emt 0:03:08]} e6 {[%emt 0:00:00]} 5. O-O {[%emt 0:00:00]} Nf6 {[%emt 0:00:00]} 6. a3 {[%emt 0:00:00]} Be7 {[%emt 0:00:00]} 7. d3 {[%emt 0:00:00]} O-O {[%emt 0:00:00]} 8. h3 {[%emt 0:00:00]} b6 {[%emt 0:00:00]} 9. Ba2 {[%emt 0:00:00]} Bb7 {[%emt 0:00:00]} 10. Be3 {[%emt 0:00:00]} Rc8 {[%emt 0:00:00]} 11. Qd2 {[%emt 0:00:00]} a6 {[%emt 0:00:00]} 12. Rad1 {[%emt 0:00:00]} b5 {[%emt 0:00:00]} 13. Ne2 {[%emt 0:01:30]} d5 {[%emt 0:00:00]} 14. exd5 {[%emt 0:00:00]} Nxd5 {[%emt 0:00:00]} 15. Bg5 {[%emt 0:00:00]} f6 {[%emt 0:02:10]} 16. Bh4 {[%emt 0:00:00]} Kh8 {[%emt 0:00:00]} 17. Bg3 {[%emt 0:00:00]} e5 {[%emt 0:00:00]} 18. c4 {[%emt 0:00:00]} Nc7 {[%emt 0:00:00]} 19. Qc2 {[%emt 0:00:00]} Qd7 {[%emt 0:00:00]} 20. Nc3 {[%emt 0:00:00]} Nd4 {[%emt 0:00:00]} 21. Nxd4 {[%emt 0:00:00]} cxd4 {[%emt 0:00:00]} 22. Ne2 {[%emt 0:00:06]} f5 {[%emt 0:00:00]} 23. f3 {[%emt 0:00:13]} f4 {[%emt 0:00:00]} 24. Bf2 {[%emt 0:00:10]} Rf6 {[%emt 0:00:02]} 25. Bh4 {[%emt 0:00:26]} Rg6 {[%emt 0:00:12]} 26. Bxe7 {[%emt 0:00:38]} Qxe7 {[%emt 0:01:36]} 27. Rde1 {[%emt 0:00:20]} Qg5 {[%emt 0:00:00]} 28. Nc1 {[%emt 0:00:37]} Nd5 29. Qe2 {[%emt 0:00:00]} Ne3 {[%emt 0:00:00]} 30. Rf2 {[%emt 0:00:05]} Qf5 {[%emt 0:00:00]} 31. Kh2 {[%emt 0:00:25]} Rg3 {[%emt 0:00:50]} 32. cxb5 {[%emt 0:00:04]} axb5 {[%emt 0:00:00]} 33. Bb3 {[%emt 0:00:10]} Rc6 {[%emt 0:00:00]} 34. Bd1 {[%emt 0:00:12]} Rh6 {[%emt 0:00:00]} 35. Nb3 {[%emt 0:00:00]} 0-1

[Event "9th Bangabandhu Blitz Men 2021"]
[Site "Dhaka"]
[Date "2021.04.03"]
[Round "4.4"]
[White "Mollah Abdullah, Al Rakib"]
[Black "Hossain, Delwar"]
[Result "1-0"]
[WhiteElo "2464"]
[BlackElo "2054"]
[Annotator "TA"]
[PlyCount "127"]
[EventDate "2021.04.02"]
[EventType "swiss"]
[EventCountry "BAN"]
[SourceTitle "playchess.com"]
[Source "ChessBase"]
[SourceQuality "1"]

{[%evp 10,127,28,19,39,33,45,26,20,5,13,5,71,-23,-18,-28,-20,-36,0,0,0,0,8,-44,0,0,0,2,9,8,11,-23,-24,-19,-15,-34,-34,-24,-5,-14,-12,-15,0,0,0,0,13,10,20,2,0,0,24,-31,-23,-178,-177,-326,-317,-317,-314,-946,-939,-933,-932,-915,-932,-981,-986,-968,-940,-875,-823,-733,-552,-814,-760,-694,-199,-304,29971,29970,29970,1978,29973,29974,29974,29973,6436,6436,29980,29979,29981,29982,29982,29982,29982,29983,29983,29984,29985,29985,29987,29988,29988,29989,29989,29990,29991,29992,29992,29993,29993,29994,29994,29995,29995,29996,29996,29997]} 1. d4 Nf6 2. Nf3 g6 3. Nbd2 Bg7 4. e4 d6 5. Be2 O-O 6. O-O Bg4 {B07: Pirc Defence: Miscellaneous Systems.} 7. c3 Nc6 {[#]} 8. d5 $146 ({Predecessor:} 8. Nh4 Qd7 9. f4 Bxe2 10. Qxe2 e5 11. d5 Ne7 12. f5 a6 13. Ndf3 Qa4 14. c4 b5 15. b3 {1-0 (36) Bachmann,S (1677)-Mueller,S Erfurt 2017}) 8... Nb8 {White has an edge.} 9. Nd4 Bc8 10. f4 c5 (10... c6 $11 {keeps the balance.}) 11. dxc6 (11. Nc2 $16) 11... Nxc6 $11 12. Nxc6 bxc6 13. Bf3 e5 14. fxe5 dxe5 15. Nb3 Qb6+ 16. Kh1 ({White should play} 16. Rf2 $11) 16... a5 17. Qe1 a4 18. Be3 Qb8 19. Nc5 Nd7 20. Qf2 Nxc5 21. Bxc5 Re8 22. Rad1 Be6 23. a3 Rd8 (23... Bh6 {with more complications.} 24. Qh4 Qb5 25. Qxh6 Qxc5 26. Rd2 Red8) 24. Rxd8+ Qxd8 25. Rd1 Qe8 26. Qh4 h6 27. h3 g5 28. Qf2 Rb8 29. Bd6 Rd8 30. Qc5 f6 31. Kh2 (31. Be7 $11 Rd7 32. Rxd7 Qxd7 33. Qd6) 31... Bb3 $15 32. Rd2 (32. Rf1 $11 {and White stays safe.}) 32... Bf8 $1 $19 33. Bg4 (33. Bd1 {is a better defense.}) 33... Rxd6 34. Rxd6 Qb8 {[%mdl 64] Pin} 35. Rxc6 $2 (35. Qxc6 Qxd6 36. Qe8) 35... Bxc5 36. Rxc5 Qd6 37. Rc8+ Kg7 38. Ra8 Qb6 39. Bf5 Bc2 40. Rc8 h5 41. c4 g4 42. hxg4 hxg4 43. c5 Qb7 $2 (43... Qxb2 44. c6 Bxe4 $1 {[%mdl 576] Promotion} 45. Bxe4 Qc1) 44. c6 Qxc8 {[%mdl 8192]} 45. Bxc8 Bxe4 {[%mdl 4096] Endgame KB-KB} 46. Bd7 (46. c7 $142 Kf8 47. Bxg4 Bb7 48. c8=Q+ Bxc8 49. Bxc8 Ke7 50. Kg3 Kd8 51. Bg4) 46... Kf7 47. c7 Bb7 48. c8=Q Bxc8 49. Bxc8 e4 50. Bxg4 {KB-K3P. White mates.} e3 51. Kg3 f5 52. Be2 Kf6 53. Kf4 Ke6 54. Kxe3 {KB-KPP} Kd5 55. Bd1 f4+ 56. Kxf4 Kc4 57. Bxa4 Kd3 58. g4 Kd2 59. g5 Kc1 60. g6 Kxb2 61. g7 Kxa3 {[#]} 62. g8=Q $1 {[%csl Ga4][%cal Rg8b3]} Kxa4 63. Qb8 Ka5 64. Ke4 {Quite a comeback for White.  Weighted Error Value: White=0.37/Black=0.09} 1-0

[Event "9th Bangabandhu Blitz Men 2021"]
[Site "Dhaka"]
[Date "2021.04.03"]
[Round "4.5"]
[White "Mohammad Minhaz Uddin"]
[Black "Ghosh, Chanchal Kumer"]
[Result "1-0"]
[WhiteElo "2281"]
[BlackElo "2052"]
[Annotator "NA"]
[PlyCount "66"]
[EventDate "2021.04.02"]
[EventType "swiss"]
[EventCountry "BAN"]
[SourceTitle "playchess.com"]
[Source "ChessBase"]
[SourceQuality "1"]
[TimeControl "1500+10"]

1. e4 {[%emt 0:22:08]} c5 {[%emt 0:22:06]} 2. Nf3 {[%emt 0:00:09]} d6 {[%emt 0:00:09]} 3. d4 {[%emt 0:03:13]} cxd4 4. Nxd4 {[%emt 0:00:00]} Nf6 {[%emt 0:00:18]} 5. Nc3 {[%emt 0:00:00]} a6 {[%emt 0:00:09]} 6. g3 {[%emt 0:00:00]} e6 {[%emt 0:00:10]} 7. Bg2 {[%emt 0:00:00]} Be7 {[%emt 0:00:10]} 8. O-O {[%emt 0:00:00]} Qc7 {[%emt 0:00:11]} 9. Be3 {[%emt 0:00:00]} Nbd7 {[%emt 0:00:11]} 10. f4 {[%emt 0:00:00]} O-O {[%emt 0:00:22]} 11. g4 {[%emt 0:00:00]} Nb6 {[%emt 0:00:45]} 12. g5 {[%emt 0:01:30]} Nfd7 {[%emt 0:02:29]} 13. Kh1 {[%emt 0:00:00]} Nc4 {[%emt 0:00:00]} 14. Bc1 {[%emt 0:00:20]} b5 {[%emt 0:00:00]} 15. b3 {[%emt 0:00:00]} Ncb6 {[%emt 0:00:00]} 16. Bb2 {[%emt 0:00:00]} Bb7 {[%emt 0:00:00]} 17. Qh5 {[%emt 0:00:00]} Rfe8 {[%emt 0:00:00]} 18. f5 {[%emt 0:00:40]} e5 {[%emt 0:01:00]} 19. Nde2 {[%emt 0:00:00]} Bf8 {[%emt 0:00:00]} 20. a3 {[%emt 0:00:00]} d5 {[%emt 0:00:20]} 21. Rac1 {[%emt 0:00:30]} dxe4 {[%emt 0:00:00]} 22. Nxe4 {[%emt 0:00:00]} Nc5 {[%emt 0:00:00]} 23. N2g3 {[%emt 0:00:00]} Nxe4 {[%emt 0:00:00]} 24. Nxe4 {[%emt 0:00:00]} Bxe4 {[%emt 0:00:00]} 25. Bxe4 {[%emt 0:00:40]} Rad8 {[%emt 0:00:50]} 26. g6 {[%emt 0:00:10]} fxg6 {[%emt 0:00:00]} 27. fxg6 {[%emt 0:00:00]} h6 {[%emt 0:00:00]} 28. Qf5 {[%emt 0:00:00]} Qe7 {[%emt 0:00:07]} 29. Rce1 {[%emt 0:00:10]} Nd7 {[%emt 0:00:11]} 30. Qf7+ {[%emt 0:00:11]} Kh8 {[%emt 0:00:11]} 31. Bc6 {[%emt 0:00:11]} Nf6 {[%emt 0:00:16]} 32. Bxe8 {[%emt 0:00:11]} Qxe8 {[%emt 0:00:14]} 33. Rxf6 {[%emt 0:00:11]} gxf6 {[%emt 0:00:21]} 1-0

[Event "9th Bangabandhu Blitz Men 2021"]
[Site "Dhaka"]
[Date "2021.04.03"]
[Round "4.6"]
[White "Mohammed Abdul, Malek"]
[Black "Ahmed, Sheikh Nasir"]
[Result "1/2-1/2"]
[WhiteElo "2125"]
[BlackElo "2176"]
[Annotator "TA"]
[PlyCount "113"]
[EventDate "2021.04.02"]
[EventType "swiss"]
[EventCountry "BAN"]
[SourceTitle "playchess.com"]
[Source "ChessBase"]
[SourceQuality "1"]

{[%evp 12,113,23,21,20,8,2,6,20,0,40,25,14,12,12,18,32,-16,0,-13,18,14,20,31,39,49,30,14,32,45,46,20,13,12,18,0,17,18,18,16,18,0,20,0,0,0,0,0,0,0,0,0,49,0,0,0,6,-177,-173,-197,-187,-207,-193,-207,-198,-225,-225,-222,-223,-232,-219,-469,-412,-489,-488,-480,-474,-950,-950,-897,-899,-905,-899,-847,-847,-774,-18,-555,-8,-8,0,0,0,0,0,0,0,0,0,0,8,8,8,8]} 1. d4 Nf6 2. Nf3 e6 3. g3 b6 4. Bg2 Bb7 5. O-O g6 6. c4 Bg7 7. Nc3 Ne4 {E16: Queen's Indian: 4 g3 Bb7 5 Bg2 Bb4+.} 8. Qc2 Nxc3 9. Qxc3 O-O {[#]} 10. h4 $146 ({Predecessor:} 10. Bg5 Qc8 11. Qd2 d6 12. Rfe1 Be4 13. Qf4 f5 14. Bh6 Nc6 15. Bxg7 Kxg7 16. c5 bxc5 17. dxc5 {½-½ (186) Alsina Leal,D (2507)-Howell,D (2685) England 2018}) 10... h6 11. Qd3 d6 12. e4 Nd7 13. Be3 Qe7 14. b4 a5 15. a3 axb4 16. axb4 Rxa1 17. Rxa1 Ra8 18. Rxa8+ Bxa8 19. Nd2 Qf8 20. Qa3 Bb7 21. Nb3 Qa8 22. Qxa8+ Bxa8 23. f4 Kf8 24. e5 Bxg2 25. Kxg2 $11 {[%mdl 4096] Endgame KBN-KBN} h5 26. Kf3 dxe5 27. dxe5 f6 28. exf6 Bxf6 29. Ke4 Bc3 30. Bd2 Nf6+ 31. Kd3 Bb2 32. Be3 (32. Kc2 $5 {[%cal Rc2b2]} Ba3 33. Nd4 $16) 32... Ke7 33. Bd4 Ba3 34. c5 $2 (34. Bc3 $11) 34... Bxb4 $19 35. cxb6 cxb6 36. Bxb6 Be1 37. Bc5+ Kf7 38. Ke2 Bxg3 {[%mdl 64] Double Attack} 39. Kf3 Bxh4 40. Bb4 Nd7 41. Nd2 $2 (41. Bd6 {was worth a try.}) 41... e5 42. Nc4 exf4 43. Kxf4 Be7 44. Bxe7 (44. Bd2 $142 Ke6 45. Ke4) 44... Kxe7 {KN-KN} 45. Kg5 Kf7 $1 {[%cal Rf7g7]} 46. Nd6+ Kg7 $1 47. Ne8+ Kh7 $1 48. Nd6 Nf8 $2 (48... Nc5 $19 49. Nf7 Ne4+ 50. Kf4 Kg7 $1) 49. Ne4 $2 {[%mdl 8192] [#]} (49. Kf6 $1 $11 {and White has nothing to worry.}) 49... Ne6+ $2 ({Better is} 49... Kg7 $1 $19 {White must now prevent ...Nh7+.} 50. Kf4 Ne6+ 51. Ke5 Nd8) 50. Kf6 $11 {The position is equal.} Nd4 {aiming for ...Nf3.} (50... Nd8 {is more complex.} 51. Ng5+ Kh6 52. Nf3 Nc6 53. Nh4 Nb4) 51. Ng5+ Kh6 52. Nf7+ Kh7 {Threatens to win with ...Nf3.} 53. Ng5+ Kg8 54. Kxg6 h4 55. Kh5 Nf3 56. Nxf3 Kh8 57. Kxh4 {And White is the lucky defender.  Weighted Error Value: White=0.49/Black=0.41} 1/2-1/2